000 00207 a2200097 4500
020 _a9789962015499
041 _aspa
100 _aGonzalo Mendez Gonzalez
245 _aEl simdrome y otros cuentos
942 _cK
999 _c26776
_d26776